000 00317nam a22001337a 4500
008 170313b xxu||||| |||| 00| 0 eng d
020 _a9780300099836
041 _aeng
080 _a591
100 _a7
101 _aSHM
245 _aINTELLIGENCE OF APES AND OTHER RATIONAL BEINGS
_cRUMBAUGH.D.M
942 _2udc
_cBK
999 _c7649
_d7649